| 000 | 00525cam a2200193 4500 | ||
|---|---|---|---|
| 001 | J118876 | ||
| 008 | 020717n2002 000 0 eng u | ||
| 035 | _a(Sirsi) u118876 | ||
| 041 | 0 | _aeng | |
| 050 | 0 | 4 | _a333.33025 $2 18 |
| 110 | 2 |
_aRoyal Institution of Chartered Surveyors _bJunior Organisation _91458 |
|
| 245 | 0 | 0 | _aAnnual report 2001-2002 |
| 260 |
_aLondon _bRICS _c2002 |
||
| 300 |
_a[20]p. _c30cm. |
||
| 350 | _a0. | ||
| 651 | 4 |
_aUnited Kingdom _y |
|
| 690 | _aABOUT RICS-RICS JUNIOR ORGANISATION | ||
| 942 | _n0 | ||
| 999 |
_c102188 _d102188 |
||